|
|
|
|
| LEADER |
03295nam a2200577 4500 |
| 001 |
978-3-319-79060-2 |
| 003 |
DE-He213 |
| 005 |
20191022111349.0 |
| 007 |
cr nn 008mamaa |
| 008 |
180626s2018 gw | s |||| 0|eng d |
| 020 |
|
|
|a 9783319790602
|9 978-3-319-79060-2
|
| 024 |
7 |
|
|a 10.1007/978-3-319-79060-2
|2 doi
|
| 040 |
|
|
|d GrThAP
|
| 050 |
|
4 |
|a HC79.E5
|
| 072 |
|
7 |
|a KCN
|2 bicssc
|
| 072 |
|
7 |
|a BUS069000
|2 bisacsh
|
| 072 |
|
7 |
|a KCVG
|2 thema
|
| 082 |
0 |
4 |
|a 333.7
|2 23
|
| 245 |
1 |
0 |
|a Towards a Sustainable Economy
|h [electronic resource] :
|b Paradoxes and Trends in Energy and Transportation /
|c edited by Pascal da Costa, Danielle Attias.
|
| 250 |
|
|
|a 1st ed. 2018.
|
| 264 |
|
1 |
|a Cham :
|b Springer International Publishing :
|b Imprint: Springer,
|c 2018.
|
| 300 |
|
|
|a XI, 143 p. 40 illus., 3 illus. in color.
|b online resource.
|
| 336 |
|
|
|a text
|b txt
|2 rdacontent
|
| 337 |
|
|
|a computer
|b c
|2 rdamedia
|
| 338 |
|
|
|a online resource
|b cr
|2 rdacarrier
|
| 347 |
|
|
|a text file
|b PDF
|2 rda
|
| 490 |
1 |
|
|a Sustainability and Innovation,
|x 1860-1030
|
| 520 |
|
|
|a This book provides an interdisciplinary account of how technological advances - mainly in the domains of energy and transportation - contribute to the transformation towards a more sustainable economic system. Drawing on methods from engineering, the management sciences and economics, which it combines in the framework of a systems sciences approach, the book presents qualitative and quantitative studies on government regulation, resources management and firms' strategy. Topics covered include the state-market dilemma of government CO2 emission targets, implications of the electrification of the economy, incentives and coercion in government transport policies, and innovations in the electric vehicle industry.
|
| 650 |
|
0 |
|a Environmental economics.
|
| 650 |
|
0 |
|a Renewable energy resources.
|
| 650 |
|
0 |
|a Climate change.
|
| 650 |
|
0 |
|a Management.
|
| 650 |
|
0 |
|a Industrial management.
|
| 650 |
|
0 |
|a Transportation.
|
| 650 |
1 |
4 |
|a Environmental Economics.
|0 http://scigraph.springernature.com/things/product-market-codes/W48000
|
| 650 |
2 |
4 |
|a Renewable and Green Energy.
|0 http://scigraph.springernature.com/things/product-market-codes/111000
|
| 650 |
2 |
4 |
|a Climate Change Management and Policy.
|0 http://scigraph.springernature.com/things/product-market-codes/314000
|
| 650 |
2 |
4 |
|a Innovation/Technology Management.
|0 http://scigraph.springernature.com/things/product-market-codes/518000
|
| 650 |
2 |
4 |
|a Renewable and Green Energy.
|0 http://scigraph.springernature.com/things/product-market-codes/111000
|
| 650 |
2 |
4 |
|a Transportation.
|0 http://scigraph.springernature.com/things/product-market-codes/119000
|
| 700 |
1 |
|
|a da Costa, Pascal.
|e editor.
|4 edt
|4 http://id.loc.gov/vocabulary/relators/edt
|
| 700 |
1 |
|
|a Attias, Danielle.
|e editor.
|4 edt
|4 http://id.loc.gov/vocabulary/relators/edt
|
| 710 |
2 |
|
|a SpringerLink (Online service)
|
| 773 |
0 |
|
|t Springer eBooks
|
| 776 |
0 |
8 |
|i Printed edition:
|z 9783319790596
|
| 776 |
0 |
8 |
|i Printed edition:
|z 9783319790619
|
| 776 |
0 |
8 |
|i Printed edition:
|z 9783030077174
|
| 830 |
|
0 |
|a Sustainability and Innovation,
|x 1860-1030
|
| 856 |
4 |
0 |
|u https://doi.org/10.1007/978-3-319-79060-2
|z Full Text via HEAL-Link
|
| 912 |
|
|
|a ZDB-2-ECF
|
| 950 |
|
|
|a Economics and Finance (Springer-41170)
|